000 00537nam a22001577a 4500
003 OSt
005 20240419104948.0
008 240419b |||||||| |||| 00| 0 eng d
040 _cMRSPTU
100 _aBhiminder Singh (ਭੀਮ ਇੰਦਰ ਸਿੰਘ)
245 _aMarxvas, Nav-Marxvad ate Uttar-Adhuniktavad (ਮਾਰਕਸਵਾਦ ਨਵ-ਮਾਰਕਸਵਾਦ ਅਤੇ ਉਤਰ ਆਧੁਨਿਕਤਾਵਾਦ)
250 _a1st
260 _aPunjab
_bTarkbharti Parkashan
_c2004
300 _a136
942 _2ddc
_cBK
_n0
999 _c10104
_d10104